000 00250nam a2200109Ia 4500
999 _c8001
_d8001
020 _a0-582-52330-3
100 _aL.G. Alexander
245 0 _aPractice And Progress an Integrated
260 _aEngland
_bMcGraw Hill
_c2002
300 _a522
942 _cBK